Damn this war (Record no. 3282)

MARC details
000 -LEADER
fixed length control field 00355nam a22001457a 4500
008 - FIXED-LENGTH DATA ELEMENTS--GENERAL INFORMATION
fixed length control field 250505b |||||||| |||| 00| 0 eng d
020 ## - INTERNATIONAL STANDARD BOOK NUMBER
ISBN 9781837730360
100 ## - MAIN ENTRY--AUTHOR
Author Haukey Julie
245 ## - TITLE STATEMENT
Title Damn this war
260 ## - PUBLICATION, DISTRIBUTION, ETC. (IMPRINT)
Place of publication London
Name of publisher Icon Book Publication
Date of publication 2023
300 ## - COLLATION
Pagination 290P.
650 ## - TRACINGS
Main Subject War and Literature
942 ## - ADDED ENTRY ELEMENTS (KOHA)
Item type Books
050 ## - LIBRARY OF CONGRESS CALL NUMBER
Classification number PN3448.W3
Item number .H36
Holdings
Source of classification or shelving scheme Not for loan Permanent location Current location Date acquired Accession No. Full call number Barcode. Koha item type
Library of Congress Classification   Samuel Ogbemudia Main Library, University of Abuja Samuel Ogbemudia Main Library, University of Abuja 05/05/2025 2024/63914 PN3448,W3.H36 2025-1737 Books